The beast of Blackmoor Bog #3 / Kate Forsyth.
Available copies
- 1 of 1 copy available at LARL/NWRL Consortium.
Current holds
0 current holds with 1 total copy.
Show Only Available Copies
| Location | Call Number / Copy Notes | Barcode | Shelving Location | Status | Due Date |
|---|---|---|---|---|---|
| Hallock Public Library | j FOR (Text) | 35500006183675 | Main | Available | - |
Record details
- ISBN: 9781610674164
- ISBN: 1610674162
- ISBN: 9781610674843
- ISBN: 1610674847
- Physical Description: 183 pages : maps ; 20 cm
- Edition: First American Edition.
- Publisher: Tulsa, OK : Kane Miller, a division of EDC Publishing, 2016.
- Copyright: ©2015
Content descriptions
| General Note: | First publishing in 2015. |
| Summary, etc.: | Four unlikely heroes, four mysterious gifts, four ... Read More |
Search for related items by subject
| Genre: | Junior. Fantasy fiction. Fantasy fiction. Fiction. Juvenile works. |
Search for related items by series
| LDR | 03017cam a2200649 i 4500 | ||
|---|---|---|---|
| 001 | 321851 | ||
| 003 | LARL_NWRL_CONSORTIUM | ||
| 005 | 20190618185542.0 | ||
| 008 | 150415t20162015okub j 000 1 eng | ||
| 010 | . | ‡a 2015938802 | |
| 040 | . | ‡aDLC ‡beng ‡erda ‡cDLC ‡dOCLCF ‡dGWV ‡dVL@ ‡dETC ‡dXOL ‡dCHILD ‡dSO$ ‡dOCLCA ‡dJSZ ‡dJX9 ‡dOCLCO ‡dNRG | |
| 020 | . | ‡a9781610674164 ‡q(pbk.) | |
| 020 | . | ‡a1610674162 | |
| 020 | . | ‡a9781610674843 | |
| 020 | . | ‡a1610674847 | |
| 035 | . | ‡a(OCoLC)936553375 | |
| 042 | . | ‡alccopycat | |
| 082 | 0 | 4. | ‡a[Fic] ‡223 |
| 049 | . | ‡aNRGA | |
| 100 | 1 | . | ‡aForsyth, Kate, ‡d1966- ‡eauthor. ‡0(LARL_NWRL_CONSORTIUM)144694 |
| 245 | 1 | 4. | ‡aThe beast of Blackmoor Bog ‡n#3 / ‡cKate Forsyth. |
| 250 | . | ‡aFirst American Edition. | |
| 264 | 1. | ‡aTulsa, OK : ‡bKane Miller, a division of EDC Publishing, ‡c2016. | |
| 264 | 4. | ‡c©2015 | |
| 300 | . | ‡a183 pages : ‡bmaps ; ‡c20 cm | |
| 336 | . | ‡atext ‡btxt ‡2rdacontent | |
| 337 | . | ‡aunmediated ‡bn ‡2rdamedia | |
| 338 | . | ‡avolume ‡bnc ‡2rdacarrier | |
| 490 | 0 | . | ‡aImpossible quest ; ‡v3 |
| 500 | . | ‡aFirst publishing in 2015. | |
| 520 | . | ‡aFour unlikely heroes, four mysterious gifts, four impossible elements, five thrilling books. Four unlikely heroes are forced on a perilous quest to save their people. But first, Tom, Elanor, Sebastian and Quinn must escape the overrun castle. Only they can find the four impossible elements needed to wake the sleeping warriors of the legend. Only they can drive back the darkness that reigns over the land. The dragons are long gone ... this beast is something else. Something huge and black and hairy. After escaping the bog-men in the wilds of the Witchwood, Sebastian, Quinn, Elanor and Tom journey south on their impossible quest. Sebastian and Elanor seek help from Crowthorne Castle, but both allies and enemies will reveal themselves. Tom and Quinn venture into the mysterious moors ... where a hideous beast lies in waiting. | |
| 650 | 0. | ‡aQuests (Expeditions) ‡vJuvenile fiction. | |
| 650 | 0. | ‡aProphecy ‡vJuvenile fiction. | |
| 650 | 0. | ‡aHeroes ‡vJuvenile fiction. ‡0(LARL_NWRL_CONSORTIUM)165592 | |
| 650 | 0. | ‡aMagic ‡vJuvenile fiction. ‡0(LARL_NWRL_CONSORTIUM)165990 | |
| 650 | 7. | ‡aHeroes. ‡2fast ‡0(LARL_NWRL_CONSORTIUM)22090 | |
| 650 | 7. | ‡aMagic. ‡2fast ‡0(LARL_NWRL_CONSORTIUM)176093 | |
| 650 | 7. | ‡aProphecy. ‡2fast ‡0(LARL_NWRL_CONSORTIUM)28935 | |
| 650 | 7. | ‡aQuests (Expeditions) ‡2fast ‡0(LARL_NWRL_CONSORTIUM)40943 | |
| 650 | 7. | ‡aProphecy ‡vFiction. ‡2sears | |
| 650 | 1. | ‡aProphecy ‡vFiction. | |
| 650 | 7. | ‡aHeroes ‡vFiction. ‡2sears ‡0(LARL_NWRL_CONSORTIUM)165591 | |
| 650 | 7. | ‡aQuests (Expeditions) - ‡vFiction. ‡2sears ‡0(LARL_NWRL_CONSORTIUM)166982 | |
| 650 | 1. | ‡aMagic ‡vFiction. ‡0(LARL_NWRL_CONSORTIUM)165984 | |
| 650 | 1. | ‡aQuests (Expeditions) - ‡vFiction. ‡0(LARL_NWRL_CONSORTIUM)166982 | |
| 650 | 7. | ‡aMagic ‡vFiction. ‡2sears ‡0(LARL_NWRL_CONSORTIUM)165984 | |
| 650 | 1. | ‡aHeroes ‡vFiction. ‡0(LARL_NWRL_CONSORTIUM)165591 | |
| 655 | 4. | ‡aJunior. | |
| 655 | 7. | ‡aFantasy fiction. ‡2lcgft | |
| 655 | 7. | ‡aFantasy fiction. ‡2fast | |
| 655 | 7. | ‡aFiction. ‡2fast | |
| 655 | 7. | ‡aJuvenile works. ‡2fast | |
| 905 | . | ‡ubacont | |
| 901 | . | ‡a321851 ‡b ‡c321851 ‡tbiblio ‡soclc | |

Add to basket
Permalink
Disable Highlighting